| 000 | 00620nam a2200217Ia 4500 | ||
|---|---|---|---|
| 003 | OSt | ||
| 005 | 20230425151557.0 | ||
| 008 | 210423s2008 xx 000 0 und d | ||
| 020 | _a978882349601 | ||
| 040 | _cAL | ||
| 041 | _aeng | ||
| 082 |
_a657.46 _223 _bVAIK |
||
| 100 |
_aVAITHEESWARAN (K). _977698 |
||
| 245 | _aIndirect taxes 2008: central excise customs and service tax. | ||
| 250 | _a7 | ||
| 260 |
_aNew Delhi _bResearch and Education Association _c2008 |
||
| 300 | _a87,388 | ||
| 365 |
_b295 _cINR |
||
| 906 | _a2008: ; central ; customs ; excise ; Indirect ; service ; tax ; taxes | ||
| 942 |
_2ddc _cBK |
||
| 999 |
_c155903 _d155903 |
||